| 000 | 00517nam a22001817a 4500 | ||
|---|---|---|---|
| 005 | 20251204150850.0 | ||
| 008 | 250909b |||||||| |||| 00| 0 eng d | ||
| 020 | _a978-93-5090-646-0 | ||
| 041 | _aeng | ||
| 082 | _a616.904 1 JAG-M | ||
| 100 |
_aJAGGI, NAMITA _98668 |
||
| 245 | _aMICROBIOLOGY THEORY FOR MLT: Medical Laboratory Technology | ||
| 250 | _a2nd ed. 2013 | ||
| 260 |
_aNEW DELHI _bJAYPEE BROTHERS MEDICAL PUBLISHERS _c2013 |
||
| 300 | _a389;P | ||
| 650 |
_aPARAMEDICAL _xBMIRT/BMLT _98848 |
||
| 942 | _cBK | ||
| 999 |
_c8798 _d8796 |
||